Statistics for 20 Countries on a Topological Map

Click here to take the quiz!

General Stats

  • This quiz has been taken 27,540 times
    (27,516 since last reset)
  • The average score is 14 of 20

Answers on the Map

Answers color-coded by a green-red scale on the quiz's map according to % correct below.
 

Answer Stats

Country% Correct
Canada
94%
Brazil
91%
Chile
89%
Italy
81%
South Africa
78%
Algeria
75%
Turkey
75%
Guatemala
74%
D. R. Congo
73%
Greece
71%
Saudi Arabia
71%
Ukraine
71%
Israel
67%
Portugal
67%
Indonesia
65%
Andorra
61%
Mongolia
59%
Vietnam
54%
South Korea
53%
Afghanistan
51%

Score Distribution

Percentile by Number Answered

Percent of People with Each Score

Your Score History

You have not taken this quiz since the last reset